<?xml version="1.0" encoding="UTF-8"?>
<record
    xmlns:xsi="http://www.w3.org/2001/XMLSchema-instance"
    xsi:schemaLocation="http://www.loc.gov/MARC21/slim http://www.loc.gov/standards/marcxml/schema/MARC21slim.xsd"
    xmlns="http://www.loc.gov/MARC21/slim">

  <leader>00419cam a2200145 i 4500</leader>
  <datafield tag="020" ind1=" " ind2=" ">
    <subfield code="a">9781422189894 (alk. paper)</subfield>
  </datafield>
  <datafield tag="040" ind1=" " ind2=" ">
    <subfield code="c">DLC</subfield>
  </datafield>
  <datafield tag="082" ind1="0" ind2="0">
    <subfield code="a">658 HAR 2013 A116 Or.</subfield>
  </datafield>
  <datafield tag="245" ind1="0" ind2="0">
    <subfield code="a">HBR's 10 must reads on making smart decisions.</subfield>
  </datafield>
  <datafield tag="246" ind1="3" ind2=" ">
    <subfield code="a">HBR's ten must reads on making smart decisions</subfield>
  </datafield>
  <datafield tag="300" ind1=" " ind2=" ">
    <subfield code="a">v, 183 pages ;</subfield>
    <subfield code="c">21 cm.</subfield>
  </datafield>
  <datafield tag="490" ind1="0" ind2=" ">
    <subfield code="a">HBR's 10 must reads series</subfield>
  </datafield>
  <datafield tag="650" ind1=" " ind2="0">
    <subfield code="a">Decision making.</subfield>
  </datafield>
  <datafield tag="942" ind1=" " ind2=" ">
    <subfield code="c">AEDBB</subfield>
  </datafield>
  <datafield tag="999" ind1=" " ind2=" ">
    <subfield code="c">17529</subfield>
    <subfield code="d">17529</subfield>
  </datafield>
  <datafield tag="952" ind1=" " ind2=" ">
    <subfield code="0">0</subfield>
    <subfield code="1">0</subfield>
    <subfield code="4">0</subfield>
    <subfield code="6">658_000000000000000_HAR_2013_A117_OR</subfield>
    <subfield code="7">0</subfield>
    <subfield code="9">76015</subfield>
    <subfield code="a">LBA</subfield>
    <subfield code="b">LBB</subfield>
    <subfield code="c">A117</subfield>
    <subfield code="d">2018-12-05</subfield>
    <subfield code="l">5</subfield>
    <subfield code="o">658 HAR 2013 A117 Or.</subfield>
    <subfield code="p">A36945</subfield>
    <subfield code="q">2025-05-19</subfield>
    <subfield code="r">2025-04-28</subfield>
    <subfield code="s">2025-04-28</subfield>
    <subfield code="y">EK</subfield>
  </datafield>
</record>
